Statistics for Spanish Loan Words Quiz

Click here to take the quiz!

General Stats

  • This quiz has been taken 42,621 times
    (27,258 since last reset)
  • The average score is 13 of 22

Answer Stats

DefinitionWord% Correct
Afternoon rest periodSiesta
87%
Papier-mâché decoration, filled with candyPiñata
85%
Wide-brimmed hatSombrero
84%
CrazyLoco
83%
Party, festivalFiesta
81%
Liquor made from distilled agaveTequila
80%
Spicy, green chili pepperJalapeño
71%
Masculine, in an exaggerated wayMacho
69%
Naval fleetArmada
66%
Spanish sausageChorizo
64%
What the crowd says when the matador
dodges a bull
Olé
62%
One who takes justice into his own handsVigilante
59%
DonkeyBurro
58%
Public city squarePlaza
53%
Right now, ASAPPronto
43%
NeighborhoodBarrio
42%
Elevated plateau, surrounded by cliffsMesa
39%
Cowboy of Argentina and the PampasGaucho
38%
Ruling council of a military dictatorshipJunta
37%
Small grocery/liquor store, particularly
in New York City
Bodega
36%
Wild or not fully broken horseBronco
33%
Beach hutCabana
31%

Score Distribution

Percentile by Number Answered

Percent of People with Each Score

Your Score History

You have not taken this quiz since the last reset